Guide pratique du Tapis Persan (Record no. 7277)

MARC details
000 -CABECERA
campo de control de longitud fija 00553nam a2200205 a 4500
001 - NÚMERO DE CONTROL
campo de control BRCA_7603
005 - FECHA Y HORA DE LA ÚLTIMA TRANSACCIÓN
campo de control 20190320205916.0
008 - DATOS DE LONGITUD FIJA--INFORMACIÓN GENERAL
campo de control de longitud fija 220613s1954----fr-a######---#000-0#fre-#
041 ## - CÓDIGO DE LENGUA
Código de lengua del texto/banda sonora o título independiente fre
044 ## - CÓDIGO DEL PAÍS DE LA ENTIDAD EDITORA/PRODUCTORA
Código MARC del país fr
050 #4 - SIGNATURA TOPOGRÁFICA DE LA BIBLIOTECA DEL CONGRESO
Número de clasificación NK2809
Número de documento/Ítem .B47 1954
100 1# - ENTRADA PRINCIPAL--NOMBRE DE PERSONA
Nombre de persona Berthéol, Jean
9 (RLIN) 18747
245 10 - MENCIÓN DE TÍTULO
Título Guide pratique du Tapis Persan
Mención de responsabilidad, etc. Jean Berthéol.
260 ## - PUBLICACIÓN, DISTRIBUCIÓN, ETC.
Lugar de publicación, distribución, etc. París
Nombre del editor, distribuidor, etc. J. Berthéol
Fecha de publicación, distribución, etc. c1954
300 ## - DESCRIPCIÓN FÍSICA
Extensión 47 p.
Otras características físicas il. a color, 2 láminas
Dimensiones 20 cm.
500 ## - NOTA GENERAL
Nota general S128
650 14 - PUNTO DE ACCESO ADICIONAL DE MATERIA--TÉRMINO DE MATERIA
Término de materia o nombre geográfico como elemento de entrada Tapetes persas
Subdivisión de forma Guías y manuales
9 (RLIN) 18748
902 ## - CATALOGADOR
Iniciales GFM
942 ## - ELEMENTOS DE PUNTO DE ACCESO ADICIONAL (KOHA)
Fuente del sistema de clasificación o colocación Library of Congress Classification
Tipo de ítem Koha Libros
Holdings
Estado de retiro Estado de pérdida Estado dañado No para préstamo Localización permanente Ubicación/localización actual Fecha de adquisición Número de inventario Total de préstamos Signatura topográfica completa Código de barras Fecha visto por última vez Precio válido a partir de Tipo de ítem Koha
El ejemplar forma parte de la colección y puede ser consultado según las políticas vigentes.       Biblioteca del Museo Franz Mayer (Rogerio Casas-Alatriste) Biblioteca del Museo Franz Mayer (Rogerio Casas-Alatriste) 20/06/2013 S128   NK2809 .B47 1954 (S128) 8211 22/03/2019 22/03/2019 Libros